000
00315nam a22001337a 4500
003
SGT
082
_a
617.645
_b
M12S
100
_a
SINGLA, SHANAL
245
_a
MOLAR INCISOR HYPOMINERALIZATION
260
_a
DELHI NCR
_b
SGT UNIVERSITY GURUGRAM
_c
2012
300
_a
1-76
650
_a
PEDODONTICS
942
_2
ddc
_c
TH
999
_c
18498
_d
18498